000
00258nam a22001217a 4500
008
181207b xxu||||| |||| 00| 0 eng d
041
_a
eng
080
_a
541
100
_a
12
101
_a
KIM
245
_a
Chemicak Principles
_c
HougEN.m
942
_2
udc
_c
BK
999
_c
52985
_d
52985